The Egyptian army : (Record no. 21091)
[ view plain ]
| 000 -LEADER | |
|---|---|
| fixed length control field | 01559nam a22003255a 4500 |
| 005 - DATE AND TIME OF LATEST TRANSACTION | |
| control field | 20151129170412.0 |
| 008 - FIXED-LENGTH DATA ELEMENTS--GENERAL INFORMATION | |
| fixed length control field | 151129s2003 ua bo gre f000 0 eng d |
| 020 ## - INTERNATIONAL STANDARD BOOK NUMBER | |
| International Standard Book Number | 4775552095 |
| 040 ## - CATALOGING SOURCE | |
| Original cataloging agency | EG-ScBUE |
| Language of cataloging | eng |
| Transcribing agency | EG-ScBUE |
| 041 1# - LANGUAGE CODE | |
| Language code of text/sound track or separate title | eng |
| Language code of original and/or intermediate translations of text | ara |
| 043 ## - GEOGRAPHIC AREA CODE | |
| Geographic area code | f-ua--- |
| 082 04 - DEWEY DECIMAL CLASSIFICATION NUMBER | |
| Classification number | 355.00962 |
| Item number | EGY |
| Edition number | 22 |
| 245 04 - TITLE STATEMENT | |
| Title | The Egyptian army : |
| Remainder of title | throughout seven thousand years / |
| Statement of responsibility, etc | Ahmed Abdul Razik Ahmed...[et.al.] ; reviewed by Ali Maher Hijab, Muhammed Abdul Wahab Al Duwaik, Gamal Al Hassanain Muhammed Al Hadary ; translated by Tip-Top Arabization & Translation ; translation revised by Hesham Abdul Fattah, Samy Alfred Abadir, Abdul Nasser El Sherbiny. |
| 260 ## - PUBLICATION, DISTRIBUTION, ETC. (IMPRINT) | |
| Place of publication, distribution, etc | [Cairo] : |
| Name of publisher, distributor, etc | Ministry of Defense, Military Research Authority, |
| Date of publication, distribution, etc | [2003] |
| 300 ## - PHYSICAL DESCRIPTION | |
| Extent | 375 p. : |
| Other physical details | maps, photographs ; |
| Dimensions | 36 cm. |
| 500 ## - GENERAL NOTE | |
| General note | Donation from Ministry of Defense, Military Research Authority. |
| 546 ## - LANGUAGE NOTE | |
| Language note | Text in English ; translated from original Arabic. |
| 650 #0 - SUBJECT ADDED ENTRY--TOPICAL TERM | |
| Topical term or geographic name as entry element | Armies |
| Geographic subdivision | Egypt |
| General subdivision | History. |
| Source of heading or term | BUEsh |
| 651 #0 - SUBJECT ADDED ENTRY--GEOGRAPHIC NAME | |
| Geographic name | Egypt |
| General subdivision | History, Military. |
| Source of heading or term | BUEsh |
| 653 ## - INDEX TERM--UNCONTROLLED | |
| Resource For college | Generalities |
| Arrived date list | November2015 |
| 700 1# - ADDED ENTRY--PERSONAL NAME | |
| Personal name | Ahmed, Ahmed Abdul Razik. |
| 700 1# - ADDED ENTRY--PERSONAL NAME | |
| Personal name | Hijab, Ali Maher, |
| Relator term | reviewer. |
| 700 1# - ADDED ENTRY--PERSONAL NAME | |
| Personal name | Al Duwaik, Muhammed Abdul Wahab, |
| Relator term | reviewer. |
| 700 1# - ADDED ENTRY--PERSONAL NAME | |
| Personal name | Al Hadary, Gamal Al Hassanain Muhammed, |
| Relator term | reviewer. |
| 700 1# - ADDED ENTRY--PERSONAL NAME | |
| Personal name | Abdul Fattah, Hesham, |
| Relator term | translator reviewer. |
| 700 1# - ADDED ENTRY--PERSONAL NAME | |
| Personal name | Abadir, Samy Alfred, |
| Relator term | translator reviewer. |
| 700 1# - ADDED ENTRY--PERSONAL NAME | |
| Personal name | El Sherbiny, Abdul Nasser, |
| Relator term | translator reviewer. |
| 710 2# - ADDED ENTRY--CORPORATE NAME | |
| Corporate name or jurisdiction name as entry element | Tip-Top Arabization & Translation, |
| Relator term | translator. |
| 942 ## - ADDED ENTRY ELEMENTS (KOHA) | |
| Source of classification or shelving scheme | Dewey Decimal Classification |
| Call number prefix | 355.00962 EGY |
| Withdrawn status | Item status | Source of classification or shelving scheme | Damaged status | Not for loan | Home library | Current library | Shelving location | Date acquired | Source of acquisition | Total Checkouts | Full call number | Barcode | Date last seen | Koha item type |
|---|---|---|---|---|---|---|---|---|---|---|---|---|---|---|
| Dewey Decimal Classification | Central Library | Central Library | Ground Floor | 29/11/2015 | Donation | 355.00962 EGY | 000031416 | 15/07/2025 | Reference (NB) | |||||
| Dewey Decimal Classification | Central Library | Central Library | Ground Floor | 29/11/2015 | Donation | 355.00962 EGY | 000031415 | 15/07/2025 | Reference (NB) | |||||
| Dewey Decimal Classification | Central Library | Central Library | Ground Floor | 29/11/2015 | Donation | 355.00962 EGY | 000031414 | 15/07/2025 | Reference (NB) | |||||
| Dewey Decimal Classification | Central Library | Central Library | Ground Floor | 29/11/2015 | Donation | 355.00962 EGY | 000031413 | 15/07/2025 | Reference (NB) | |||||
| Dewey Decimal Classification | Central Library | Central Library | Ground Floor | 29/11/2015 | Donation | 355.00962 EGY | 000031412 | 15/07/2025 | Reference (NB) |